| 000 | 00576pab a2200205 454500 | ||
|---|---|---|---|
| 008 | 180718b2011 xxu||||| |||| 00| 0 eng d | ||
| 100 | _aKotwal, Ashok | ||
| 245 | _aEconomic liberalization and Indian economic growth: What's the evidence? | ||
| 260 | _c2011 | ||
| 300 | _ap.1152-1199. | ||
| 362 | _aDec | ||
| 650 | _aEconomic growth - India | ||
| 650 | _aEconomic liberalization - India | ||
| 650 | _aEconomic liberalization | ||
| 700 | _aWadhwa, Wilima | ||
| 700 | _aRamaswami, Bharat | ||
| 773 | _aJournal of Economic Literature | ||
| 908 | _aN | ||
| 909 | _a95452 | ||
| 999 |
_c95452 _d95452 |
||